000 00684nam a2200229 a 4500
008
020 _a0077072308 (pbk.)
049 _aMAIN
090 _aHM263
100 _aHaywood, Roger
245 _aAll about public relations :
_bhow to build success on good communication /
_cRoger Haywood
260 _aLondon :
_bMacGraw-Hill,
_cc1984.
300 _axiii, 349 p. :
_bill. ;
_c23 cm
504 _aIncludes bibliographical references.
500 _aIncludes index.
650 _aPublic relations.
907 _a.b10109985
_b21-07-04
_c09-02-04
003
005 20230123133620.0
040 _cNUST
942 _cBOOKS
_kHM263
999 _c151676
_d151676